Logo BPK

Biblioteka

Politechniki Koszalińskiej

The finite element method. (Rekord nr 29639)

Szczegóły MARC
000 -ETYKIETA REKORDU
podpole kontrolne o stałej długości 00453nam a2200157 i 4500
001 - NUMER KONTROLNY REKORDU
pole kontrolne bg
040 ## - ŹRÓDŁO KATALOGOWANIA
Instytucja, która utworzyła rekord BPK
041 ## - KOD JĘZYKA
Kod języka tekstu pol
008 - POLE O STAŁEJ DŁUGOŚCI - DANE KONTROLNE
podpole kontrolne o stałej długości s pl f |000 0 pol
100 1# - NAZWA OSOBOWA
Nazwa osobowa Zienkiewicz, Olgierd Cecil
Daty związane z nazwą (1921-2009).
245 #0 - TYTUŁ/ODPOWIEDZIALNOŚĆ
Tytuł The finite element method.
Oznaczenie części/sekcji dzieła Vol. 2,
Tytuł części/sekcji dzieła Solid and fluid mechanics /
Pozostałe elementy strefy tytułu i oznaczenia odpowiedzialności O.C. Zienkiewicz, R.L. Taylor.
250 ## - STREFA WYDANIA
Oznaczenie wydania Ed.4.
260 ## - STREFA ADRESU WYDAWNICZEGO
Miejsce wydania London,
Data publikacji, dystrybucji/powstania dokumentu 1991.
700 1# - HASŁO DODATKOWE - NAZWA OSOBOWA
Nazwa osobowa Taylor, Robert Leroy
Daty związane z nazwą (1943- ).
856 ## - LOKALIZACJA I DOSTĘP DO ELEKTRONICZNYCH DOKUMENTÓW ZDALNYCH
Link (URL) http://koha.tu.koszalin.pl/cgi-bin/koha/opac-detail.pl?biblionumber=29639
Tekst linku Katalog online BPK
942 ## - DODATKOWE ELEMENTY (KOHA)
Typ dokumentu Książka
Egzemplarze
Wycofany Status egzemplarza Uszkodzony Dostępność Lokalizacja stała Lokalizacja bieżąca Miejsce przechowywania Sygnatura Kod kreskowy Typ dokumentu
      Dostępny Biblioteka Politechniki Koszalińskiej Biblioteka Politechniki Koszalińskiej Wypożyczalnia BG 35874 01161533 Książka
© 2023 Biblioteka Politechniki Koszalińskiej :: KOHA